00462nam a2200193Ia 4500008004000000041000800040082001200048100001600060245006100076260004200137650000700179650000700186650001300193650001300206650001600219650001300235650000800248650001200256210210b1927 xxu||||| |||| 00| 0 eng d aeng a519/115 aYOUNG (J W) aLectures on fundamental concepts of algebra and geometry aNew YorkbThe Macmillan Companyc1927 aon aof aLectures ageometry afundamental aconcepts aand aalgebra